Music Quiz

Random Music or Song Quiz

Lyrics: 'Political Science' - Randy Newman Quiz Stats

 Plays Quiz not verified by Sporcle

Score 0/187 Timer 07:00
0 Plays Today
Lyrics % Correct
a
95%
the
94.2%
the
94.2%
the
94.2%
the
94.2%
the
94.2%
the
94.2%
I
93.3%
an
90.8%
and
87.5%
and
87.5%
and
87.5%
and
87.5%
and
87.5%
And
87.5%
and
87.5%
and
87.5%
And
87.5%
you
83.3%
to
82.5%
one
81.7%
We
81.7%
we
81.7%
one
81.7%
We
81.7%
one
81.7%
one,
81.7%
one
81.7%
one
81.7%
one
81.7%
No
80.8%
No,
80.8%
no
80.8%
no
80.8%
for
80.8%
for
80.8%
for
80.8%
us,
78.3%
don't
78.3%
us
78.3%
they
78.3%
They
78.3%
don't
78.3%
us,
78.3%
us.
78.3%
Don't
78.3%
they
78.3%
me.
78.3%
me.
78.3%
They
78.3%
us
78.3%
why.
76.7%
all
75.8%
all-American
75.8%
it
75.8%
all
75.8%
know
75%
be
75%
be
75%
be
75%
be.
75%
be
75%
is
74.2%
Lyrics % Correct
wanna
73.3%
there--
73.3%
so
72.5%
but
70%
But
70%
what
70%
but
70%
are
70%
'em
70%
too
70%
too
70%
too
70%
too!
70%
see
68.3%
them
68.3%
them.
68.3%
likes
67.5%
Let's
67.5%
big
67.5%
let's
67.5%
big
67.5%
Let's
67.5%
big
67.5%
hate
67.5%
let's
67.5%
big
67.5%
Let's
67.5%
big
67.5%
drop
65.8%
We'll
65.8%
drop
65.8%
drop
65.8%
We'll
65.8%
We'll
65.8%
goes
65.8%
We'll
65.8%
drop
65.8%
drop
65.8%
not
65%
our
63.3%
America
63.3%
our
63.3%
got
63.3%
they're
61.7%
they're
61.7%
hurt
61.7%
Boom
61.7%
London,
61.7%
boom
61.7%
Paris.
61.7%
More
60.8%
more
60.8%
will
60.8%
will
60.8%
now.
60.8%
now.
60.8%
knows
60%
old
60%
old.
60%
try.
59.2%
Australia.
59.2%
room
59.2%
room
59.2%
Lyrics % Correct
just
59.2%
kangaroo.
58.3%
amusement
58.3%
park
58.3%
heaven
57.5%
down.
57.5%
happens.
56.7%
save
56.7%
build
56.7%
put
55.8%
give
55.8%
left
55.8%
every
55.8%
'round
55.8%
anyhow--
55.8%
Europe's
55%
far
55%
cold.
55%
surfin'
55%
grateful?
54.2%
South
54.2%
name.
54.2%
how
54.2%
may
53.3%
friends
53.3%
spiteful
53.3%
hateful.
53.3%
Africa
53.3%
stole
53.3%
blame
53.3%
even
52.5%
money,
52.5%
hot
52.5%
Canada's
52.5%
American
52.5%
perfect,
51.7%
around,
51.7%
Asia's
50.8%
world
50.8%
town.
50.8%
respect
50%
there'll
50%
Oh,
50%
Japanese
50%
there'll
50%
surprise
49.2%
pulverize
49.2%
whole
49.2%
crowded,
48.3%
another
48.3%
Italian
48.3%
shoes
48.3%
free!
46.7%
kimono,
45.8%
city
45%
everybody
45%
peaceful
44.2%
set
44.2%
You'll
40.8%
baby,
39.2%
wear
34.2%

You're not logged in!

Compare scores with friends on all Sporcle quizzes.
Join for Free
OR
Log In

You Might Also Like...

Show Comments

Extras

Top Quizzes Today


Score Distribution

Your Account Isn't Verified!

In order to create a playlist on Sporcle, you need to verify the email address you used during registration. Go to your Sporcle Settings to finish the process.

Report this User

Report this user for behavior that violates our Community Guidelines.

Details: